| 000 | 00516nam a22001577a 4500 | ||
|---|---|---|---|
| 999 |
_c524899 _d524899 |
||
| 003 | NUST | ||
| 038 | _aMr. Zahoor | ||
| 082 | _a005.1 | ||
| 100 |
_aMuhammae Murad Haider _915699 |
||
| 245 |
_aPOLICY BASED GOVERNANCE OF VIRTUAL ORGANIZATIONS IN THE CONTEXT OF SERVICE ORIENTED ARCHITECTURE / _cMuhammae Murad Haider |
||
| 260 |
_aIslamabad : _bMCS - NUST, _c2012. |
||
| 300 |
_aviii, 74 p. : ill. ; _c30 cm. |
||
| 500 | _aHardcover. | ||
| 600 |
_aComputer Software Engineering - MS Thesis _915681 |
||
| 942 |
_2ddc _cTHE |
||